Optimalizácia daňového zaťaženia vybranej firmy bakalárska práca

Salvato in:
Dettagli Bibliografici
Autore principale: Strížová, Veronika
Ente Autore: Fakulta podnikového manažmentu EU. Katedra podnikovohospodárska
Altri autori: Kintler, Jakub, 1979-
Natura: Libro
Lingua:slovacco
Pubblicazione: Bratislava 2016
Tags: Aggiungi Tag
Nessun Tag, puoi essere il primo ad aggiungerne!!

MARC

LEADER 00000nbm a2200000 4500
001 0221505
005 20170302133834.1
041 0 |a slo 
044 |a SK 
245 1 0 |a Optimalizácia daňového zaťaženia vybranej firmy  |b bakalárska práca  |c Veronika Strížová ; školiteľ: Jakub Kintler 
264 1 |a Bratislava  |c 2016 
300 |a 65 s. 
100 1 |a Strížová, Veronika 
700 1 |a Kintler, Jakub, 1979- 
710 2 |a Fakulta podnikového manažmentu EU. Katedra podnikovohospodárska